000 01014nam a2200301 i 4500
001 11424
003 ES-MaACL
005 20250831061900.0
007 t|
008 930701s1992 sp |||| | spa j
020 _a84-7100-369-4
080 _a291(73)(091)
080 _a291(71)(091)
100 1 _aMora Mérida, José Luis.
_982883
245 1 0 _aIglesia y religión en los Estados Unidos y Canadá /
_cJosé Luis Mora Mérida.
260 _aMadrid :
_bMAPFRE,
_cD.L. 1992.
300 _a263 p. ;
_c24 cm.
490 1 _aIglesia Católica en el Nuevo Mundo ;
_v3
500 _aÍndice.
504 _aBibliografía: p. [255]-257.
651 4 _aEstados Unidos-
_xReligión.
_9169007
651 4 _aCanadá-
_xReligión.
_9169008
651 7 _aEstados Unidos-
_xHistoria eclesiástica
_2
_9169009
651 4 _aCanadá-
_xHistoria eclesiástica.
_9169010
830 0 0 _aColección Iglesia Católica en el Nuevo Mundo (Mapfre)
_v3
_9179065
852 _aES-MaACL
_jL-18749
999 _c11424
_d11424